| 000 | 01539nam a2200445 i 4500 | ||
|---|---|---|---|
| 001 | 35812 | ||
| 003 | KOSZ 005 | ||
| 005 | 20240405063113.0 | ||
| 008 | 011010s1999 pl f |000 0 pol | ||
| 020 | _a8301122706 | ||
| 040 |
_cKOSZ005 _aKOSZ 005 _dKOSZ 005/HR |
||
| 045 |
_bd1945 _bd1999 |
||
| 046 | _k1999 | ||
| 080 | _a339.923(4-67) | ||
| 080 | _a061.1 | ||
| 080 | _a(075.8) | ||
| 245 | 0 | 0 |
_aUnia Europejska : _bpodręcznik akademicki / _cLucjan Ciamaga [et al.]. |
| 250 | _a[Wyd.1, dodr.3]. | ||
| 260 |
_aWarszawa : _bWydawnictwo Naukowe PWN, _c1999. |
||
| 300 |
_a486, [2] s. : _b1 wykr. ; _c24 cm. |
||
| 380 | _aKsiążki | ||
| 388 | _a1901-2000 | ||
| 388 | _a1989-2000 | ||
| 504 | _aBibliogr. s. 472-479. - Indeks. | ||
| 610 | 2 | 9 | _aUnia Europejska (UE) |
| 648 | 7 | _a1901-2000 | |
| 648 | 7 | _a1945-1989 | |
| 648 | 7 | _a1989-2000 | |
| 650 | 7 | _aIntegracja europejska | |
| 655 | _aPodręczniki akademickie | ||
| 658 | _aPolityka, politologia, administracja publiczna | ||
| 700 | 1 |
_aCiamaga, Lucjan _d(1929-2022) _eAutor |
|
| 700 | 1 |
_aLatoszek, Ewa _d(1954- ) _eAutor |
|
| 700 | 1 |
_aMichałowska-Gorywoda, Krystyna _d(1942- ) _eAutor _eRedakcja |
|
| 700 | 1 |
_aOręziak, Leokadia _d(1954- ) _eAutor |
|
| 710 | 2 |
_aWydawnictwo Naukowe PWN _4pbl |
|
| 700 | 1 |
_aTeichmann, Eufemia _d(1939- ) _eAutor _cAutor |
|
| 856 |
_uhttp://koha.tu.koszalin.pl/cgi-bin/koha/opac-detail.pl?biblionumber=35812 _yKatalog online BPK |
||
| 942 |
_cKS _2UKD |
||
| 999 |
_c35812 _d35812 |
||